| 000 | 00952nam a2200301 u 4500 | ||
|---|---|---|---|
| 001 | 000020301 | ||
| 003 | DO-SdBPM | ||
| 005 | 20250805125721.0 | ||
| 007 | ta | ||
| 008 | 100802s2015 dr r 000 p spa d | ||
| 020 | _a9789945899177 | ||
| 040 |
_aDO-SdBPM _bspa _cBPMSU _erda |
||
| 082 |
_aRD861.5 _bS237u 2015 _222 |
||
| 100 |
_aSantos, Rocío, _d1985- _eautor |
||
| 245 | 1 | 0 |
_aUna gota en el mar / _cRocío Santos. |
| 264 |
_aSanto Domingo : _bEdiciones Rumbo, _c2015. |
||
| 300 |
_a67 páginas : _bilustraciones ; _c22 cm. |
||
| 336 |
_atexto _btxt _2rdacontent |
||
| 337 |
_asin mediación _bn _2rdamedia |
||
| 338 |
_avolumen _bnc _2rdacarrier |
||
| 500 | _aIncluye datos biográficos del autor en la solapa de la cubierta | ||
| 590 | _aInventariado, 2025 / VM | ||
| 650 | 7 | _aPoesía dominicana | |
| 650 | 7 | _aLiteratura dominicana. | |
| 650 | z | _aDominican literature | |
| 910 | _aVMateo V. Control de calidad BPMSU | ||
| 942 |
_2ddc _cBK |
||
| 999 |
_c12633 _d12633 |
||